00578 a2200169 4500010001400000020002300014035001300037037001500050082000800065100002100073245014900094260004400243270005000287300002400337500001900361700002800380 aENG-88119 a8186852557c200.00 aEN-71652 bDBAD / PUB14a6131 aGiuffre, Kenneth1 aThe care and feeding of your brain :bhow diet and environment affect what you think and feel /cby Kenneth Giuffre [and] Theresa Foy Digeronimo aChennaibEast West Books (Madras)cn.d. a571, P.H. Road, AminjikaraibChennaie600 029 a255 p.c21 cm (Pbk) aIncludes index1 aDigeronimo, Theresa Foy